Missing Word: Jodie Foster Quiz Stats

Quiz Updated Jan 6, 2015

Challenge
Share
Tweet
Embed
Score 0/16 Timer 02:00
0 Plays Today
Jodie Foster Movie Missing Word % Correct
The Silence of the _____Lambs
98.5%
Alice Doesn't Live Here _____Anymore
95.2%
Taxi _____Driver
92.6%
Panic _____Room
92.4%
_____ FridayFreaky
75.8%
____ and the KingAnna
75.2%
The Little _____ Who Lives Down the LaneGirl
74.6%
Bugsy _____Malone
68.7%
Jodie Foster Movie Missing Word % Correct
Little Man _____Tate
57.2%
A Very ____ EngagementLong
48.3%
The _____ New HampshireHotel
42.8%
Nim's _____Island
34.2%
Stealing _____Home
30.8%
The Dangerous Lives of ____ BoysAltar
20.5%
The _____ OneBrave
14.6%
_____ ManInside
11.1%

Today's Daily Dose

You're not logged in!

Compare scores with friends on all Sporcle quizzes.
Join for Free
OR
Log In

You Might Also Like...

Show Comments

Extras

Top Quizzes Today


Score Distribution

Your Account Isn't Verified!

In order to create a playlist on Sporcle, you need to verify the email address you used during registration. Go to your Sporcle Settings to finish the process.

Report this User

Report this user for behavior that violates our Community Guidelines.

Details: